| 000 | 00710cam a2200241 4500 | ||
|---|---|---|---|
| 008 | 090401t1998 xxu||||| |||| 00| 0 eng d | ||
| 020 | _a0717614255 | ||
| 035 | _a(Sirsi) u88187 | ||
| 041 | _aeng | ||
| 050 | _a690.22 | ||
| 110 |
_aGreat Britain _bHealth and Safety Executive |
||
| 245 | _aHealth and safety in roof work. | ||
| 260 |
_bHSE Books _c1998 |
||
| 300 | _avi,90p. : ill . ; 30cm. | ||
| 350 | _a8.5 | ||
| 490 |
_aHSE Health and Safety Guidance _v33 |
||
| 650 |
_aHEALTH AND SAFETY _96244 |
||
| 650 | _aBUILT ENVIRONMENT-BUILDING ELEMENTS-COMPLETE BUILDING ELEMENTS-ROOFS | ||
| 650 | _aSITE SAFETY | ||
| 690 | _aBUILT ENVIRONMENT-BUILDING STANDARDS | ||
| 942 | _n0 | ||
| 948 | _c28/08/1998 | ||
| 999 |
_c97296 _d97296 |
||